Visioni di Perugia /

Obra gráfica sobre los principales edificios y manifestaciones artísticas de Perugia, acompañado en cada caso por un breve texto descriptivo en italiano, francés, inglés, alemán, español y holandés.

Guardat en:
Dades bibliogràfiques
Format: Llibre
Idioma:italià
Publicat: Novara, Italia : Istituto Geografico De Agostini, 1959, c1959
Matèries:
Etiquetes: Afegir etiqueta
Sense etiquetes, Sigues el primer a etiquetar aquest registre!

MARC

LEADER 00000nam^a2200000^a^4500
001 000100881
005 20250521000000.0
009 20260310093218.314
037 |a Acervo ITESO - Biblioteca 
041 |a ITA 
082 |a 709.  |b VIS V. 5 
245 1 0 |a Visioni di Perugia /  |c Fotografía de Carlo Bevilacqua, Emilio Bucciotti ; presen. de Ottorino Gurrieri. 
264 4 |a Novara, Italia :  |b Istituto Geografico De Agostini,  |c 1959, c1959 
300 |a 1 v. (sin paginación) 
336 |a texto  |b txt  |2 rdacontenido 
337 |a sin mediación  |b n  |2 rdamedio 
338 |a volumen  |b nc  |2 rdasoporte 
520 |a Obra gráfica sobre los principales edificios y manifestaciones artísticas de Perugia, acompañado en cada caso por un breve texto descriptivo en italiano, francés, inglés, alemán, español y holandés. 
546 |a Edición multilingüe 
649 |a XX 
650 |a Arte Gótico -  |z Perugia, Italia 
650 |a Arte Renacentista -  |z Perugia, Italia 
650 |a Arte Italiano 
650 |a Perugia, Italia -  |x Descripción 
910 |a Fondo Jesús Rodríguez 
920 |a Impresos - Libros 
930 |a Fondos Especiales 
905 |a 113 
901 |a 0500036720  |b IT2  |c ESP  |u 20250521 
902 |a https://opac.biblio.iteso.mx/vufind/Record/000100881